000 01022cam a22002891a 4500
001 gs 54000048
003 DLC
005 20260227111401.0
008 850614s1953 bccab b s000 0 eng c
010 _ags 54000048
035 _a(OCoLC)12158825
040 _aU.S. Geol. Survey. Lib.
_cWaChenE
_dWaChenE
_dOCoLC
_dDLC
042 _apremarc
043 _an-cn-bc
050 0 0 _aTN27
_b.B72 no. 33
082 _a557.11
100 1 _aNewmarch, Charles Bell.
245 1 0 _aGeology of the Crowsnest coal basin,
_bwith special reference to the Fernie area.
260 _aVictoria,
_bD. McDiarmid, Printer to the Queen,
_c1953.
300 _aiv, 107 p.
_billus., maps (part fold.)
_c27 cm.
490 1 _aBulletin ;
_vno. 33
500 _aAt head of title: British Columbia Department of Mines.
504 _aBibliography: p. 101-107.
650 0 _aGeology
_zBritish Columbia
_zKootenay (District)
710 1 _aBritish Columbia.
_dDept. of Mines.
830 0 _aBulletin (British Columbia. Department of Mines) ;
_vno. 33.
999 _c28827
_d28827